[Event "8th Ali Ipek Tournament 2020"]
[Site "Ankara"]
[Date "2020.03.08"]
[Round "7.2"]
[White "Yaver, Faik Emre"]
[Black "Yarashov, Azat"]
[Result "1-0"]
[WhiteElo "2086"]
[BlackElo "2218"]
[Annotator "TA"]
[PlyCount "79"]
[EventDate "2020.03.04"]
[EventType "swiss"]
[EventCountry "TUR"]
[SourceTitle "playchess.com"]
[Source "ChessBase"]
[SourceQuality "1"]

{[%evp 9,79,53,70,45,44,50,44,38,65,41,37,36,54,37,61,51,74,35,64,52,115,125,108,113,129,104,118,88,129,129,174,170,250,250,333,306,348,351,345,341,370,333,384,400,350,267,267,271,267,291,267,267,270,218,315,266,369,363,457,379,365,348,1450,1448,1198,850,1818,1705,1520,858,29990,29991]} 1. e4 d6 2. d4 Nf6 3. Nc3 c6 4. a4 {[%cal Ba2a4,Ba4a5][%mdl 32]} Qa5 5. Bd2 Qb6 6. Nge2 {B07: Pirc Defence: Miscellaneous Systems.} e5 7. a5 Qc7 8. h3 {White is slightly better.} Be7 9. g3 O-O 10. Bg2 Nbd7 11. O-O Re8 {[#]} 12. Be3 $146 ({Predecessor:} 12. f4 b5 13. axb6 Qxb6 14. Na4 Qc7 15. c4 a5 16. Be3 Rb8 17. Qc2 Nf8 18. c5 exf4 19. Bxf4 {1-0 (37) Putzbach,G (2265)-Sass,A Hamburg 1992}) 12... Bf8 13. d5 a6 14. g4 Kh8 {White stays focused until the end.} ({Better is} 14... cxd5 $14 15. g5 (15. Nxd5 Nxd5 16. exd5 h5 $14) (15. exd5 h6 $16) 15... d4) 15. g5 Ng8 16. Ng3 Ne7 17. Nf5 Ng6 18. Qd2 b5 19. dxc6 Qxc6 20. Rfd1 $36 {[%mdl 2048] White is really pushing.} Re6 (20... Nf4 $142 21. Bxf4 (21. Nxd6 Nxg2 22. Kxg2 Bxd6 $18) 21... exf4 22. Qxf4 (22. Nxd6 Bxd6 23. Qxd6 Qxd6 $16) 22... Ne5) 21. Nd5 $18 Bb7 22. Ra3 Nc5 23. b4 Na4 {[#]} 24. c4 $1 Rc8 25. Rc1 Qe8 26. cxb5 axb5 27. Nc7 Qd7 28. Nxe6 Rxc1+ 29. Qxc1 fxe6 30. Ng3 d5 31. Bd2 Bd6 (31... Nh4 $142 32. Kh1 Be7) 32. Bf1 Ne7 33. Qc2 g6 34. Bxb5 Qxb5 35. Qxa4 Qc4 $2 (35... Qxa4 36. Rxa4 Ba6 37. exd5 exd5) 36. Qe8+ Ng8 37. Qd7 Bxb4 38. Bxb4 Qxb4 39. Rf3 {[#] Intending Rf7! and mate.} Qb1+ 40. Kh2 {Accuracy: White = 72%, Black = 40%.} 1-0

[Event "8th Ali Ipek Tournament 2020"]
[Site "Ankara"]
[Date "2020.03.08"]
[Round "7.3"]
[White "Ozalp, Burak"]
[Black "Pektas, Yigit"]
[Result "1-0"]
[WhiteElo "1967"]
[BlackElo "2161"]
[Annotator "TA"]
[PlyCount "93"]
[EventDate "2020.03.04"]
[EventType "swiss"]
[EventCountry "TUR"]
[SourceTitle "playchess.com"]
[Source "ChessBase"]
[SourceQuality "1"]

{[%evp 9,93,34,31,30,21,23,32,-11,-2,-15,-16,-7,39,-14,14,-9,66,19,0,0,58,0,23,13,94,0,0,-14,0,-39,30,16,18,0,10,-8,0,0,106,96,96,79,225,184,326,326,317,296,331,257,266,253,263,254,247,269,260,255,231,198,193,181,449,442,484,447,1036,880,1016,902,964,922,1447,1367,1436,1408,1186,1086,3477,2521,29974,29975,29977,29978,29980,29980]} 1. e4 c6 2. Nc3 d5 3. Nf3 Nf6 4. e5 Ne4 5. Ne2 Qb6 {[%csl Ge4][%cal Rb6f2] [#]} 6. d4 {B11: Caro-Kann: Two Knights Variation.} e6 7. Ng3 c5 8. Bd3 $1 {White is slightly better. 8.Bd3 is better than 8.c3.} Nxg3 $1 9. fxg3 Nc6 10. O-O {Ng5 is the strong threat.} h6 11. a3 (11. c3 $14) 11... Bd7 12. Kh1 a5 (12... cxd4 $11 13. b4 a6) 13. g4 cxd4 14. Qe2 Be7 (14... g5 $11) 15. Bd2 {[#]} ({White should try} 15. g5 $14) 15... Rc8 $146 ({Predecessor:} 15... O-O-O 16. b4 axb4 17. axb4 Bxb4 18. Rfb1 Qc5 19. Bxb4 Nxb4 20. Qe1 Nxd3 21. cxd3 Kb8 22. Qf2 Rc8 23. Nxd4 f6 24. Qb2 {1-0 (24) Jacobson,B (2418)-Ostrovskiy,A (2450) New York 2019}) 16. Qf2 f6 (16... Qc7 $11) 17. Bg6+ (17. exf6 $16 gxf6 18. c3) 17... Kd8 $1 $11 18. Qe1 Qc7 {[%cal Rf6e5]} ({Of course not} 18... Qxb2 $6 19. Rb1 $16) 19. exf6 gxf6 (19... Bxf6 $15 20. h3 e5) 20. Bf7 Qd6 21. Nh4 e5 (21... Rh7 $5 {[%cal Rh7f7]} 22. Bg6 Rg7 $11) 22. Nf5 Bxf5 $1 23. gxf5 b6 (23... Kc7 $11 {keeps the balance.}) 24. Be6 Rc7 {[#]} 25. b4 $1 {[%mdl 512]} d3 {Loses the game.} (25... a4 $16 {is a better defense.}) (25... axb4 26. axb4) 26. bxa5 b5 (26... dxc2 $142 27. axb6 Rb7) 27. cxd3 $18 Nd4 28. Bb4 Qc6 29. Rc1 Qxc1 30. Qxc1 Rxc1 31. Rxc1 {[%csl Ge6][%cal Rc1c8]} Nxe6 32. fxe6 Bxb4 33. axb4 {[%mdl 4096] Endgame KR-KR} Ke7 34. Rc6 f5 35. Kg1 Rg8 $2 (35... e4 36. Kf2 Rg8) 36. a6 {[%cal Ba5a6,Ba6a7][%mdl 32]} d4 {If Black can now play ...e4 this consolidates a bit.} 37. a7 e4 (37... h5 $142 38. Ra6 Ra8) 38. Ra6 Ra8 39. dxe4 fxe4 40. Kf2 Kf6 41. Ke2 Ke7 42. g4 Kf6 43. h4 Ke7 44. g5 hxg5 45. hxg5 {White mates.} Kf8 46. g6 e3 47. Kd3 {Accuracy: White = 77%, Black = 41%.} 1-0

[Event "8th Ali Ipek Tournament 2020"]
[Site "Ankara"]
[Date "2020.03.08"]
[Round "7.4"]
[White "Ozates, Mert"]
[Black "Demirci, Murat"]
[Result "0-1"]
[WhiteElo "1810"]
[BlackElo "1821"]
[Annotator "NA RC"]
[PlyCount "48"]
[EventDate "2020.03.04"]
[EventType "swiss"]
[EventCountry "TUR"]
[SourceTitle "playchess.com"]
[Source "ChessBase"]
[SourceQuality "1"]
[TimeControl "5400+30"]

1. b3 {[%emt 0:00:30]} Nf6 {[%emt 0:02:30]} 2. Bb2 {[%emt 0:00:00]} g6 {[%emt 0:00:30]} 3. Bxf6 {[%emt 0:00:00]} exf6 {[%emt 0:00:00]} 4. c4 {[%emt 0:00:00]} Bg7 {[%emt 0:00:00]} 5. Nc3 {[%emt 0:00:00]} O-O {[%emt 0:00:30]} 6. g3 {[%emt 0:00:00]} f5 {[%emt 0:01:30]} 7. Bg2 {[%emt 0:03:00]} c6 {[%emt 0:01:30]} 8. Rc1 {[%emt 0:02:30]} Qa5 {[%emt 0:00:30]} 9. Qc2 $15 {[%emt 0:02:30]} ({White should play} 9. d4 $11) 9... Na6 {[%emt 0:03:30]} 10. Qb1 {[%emt 0:06:30]} Nb4 {[%emt 0:10:30]} 11. a4 {[%emt 0:02:30]} d5 {[%emt 0:00:30]} 12. cxd5 {[%emt 0:02:30]} cxd5 {[%emt 0:01:30]} 13. Nf3 {[%emt 0:02:30]} d4 {[%emt 0:02:30]} 14. Na2 {[%emt 0:00:30]} Re8 {[%emt 0:11:30]} 15. Nxb4 {[%emt 0:20:30]} Qxb4 {[%emt 0:00:30]} 16. O-O {[%emt 0:01:30]} Rxe2 {[%emt 0:16:30]} 17. Qd3 {[%emt 0:07:30]} Re8 {[%emt 0:01:30]} 18. Rc7 {[%emt 0:02:30]} Bf6 {[%emt 0:11:30]} 19. h4 {[%emt 0:02:30]} Rb8 {[%emt 0:03:30]} 20. Rc4 {[%emt 0:05:30]} Qb6 {[%emt 0:01:30]} 21. Nxd4 {[%emt 0:09:30]} Rd8 {[%emt 0:06:30]} 22. a5 {[%emt 0:00:00]} Qd6 {[%emt 0:02:30]} 23. Qf3 {[%emt 0:06:00]} Bxd4 {[%emt 0:00:30]} 24. Qe3 {[%emt 0:01:30]} Qf4 {[%emt 0:00:30]} 0-1

[Event "8th Ali Ipek Tournament 2020"]
[Site "Ankara"]
[Date "2020.03.08"]
[Round "7.5"]
[White "Ergani, Efe"]
[Black "Akin, Yagiz Cinar"]
[Result "1-0"]
[WhiteElo "1668"]
[BlackElo "1861"]
[Annotator "NA RC"]
[PlyCount "71"]
[EventDate "2020.03.04"]
[EventType "swiss"]
[EventCountry "TUR"]
[SourceTitle "playchess.com"]
[Source "ChessBase"]
[SourceQuality "1"]
[TimeControl "5400+30"]

1. Nf3 {[%emt 0:00:30]} g6 {[%emt 0:00:30]} 2. g3 {[%emt 0:00:00]} Bg7 {[%emt 0:00:00]} 3. Bg2 {[%emt 0:00:00]} d6 {[%emt 0:00:00]} 4. O-O {[%emt 0:00:30]} e5 {[%emt 0:00:00]} 5. d3 {[%emt 0:00:30]} Ne7 {[%emt 0:00:00]} 6. c4 {[%emt 0:01:30]} O-O {[%emt 0:00:00]} 7. Nc3 {[%emt 0:00:30]} Nbc6 {[%emt 0:00:00]} 8. Rb1 {[%emt 0:00:30]} f5 {[%emt 0:00:30]} 9. Bd2 {[%emt 0:06:30]} a5 {[%emt 0:06:30] is the legacy move (9...h6).} 10. a3 {[%emt 0:00:30]} h6 {[%emt 0:00:00]} 11. b4 {[%emt 0:03:30] A26: English Opening vs King's Indian with ...Nc6 and d3.} axb4 {[%emt 0:00:00]} 12. axb4 {[%emt 0:00:00]} Be6 {[%emt 0:00:30]} 13. b5 {[%emt 0:05:00]} Nb8 {[%emt 0:00:30]} 14. Qc2 {[%emt 0:04:30]} Nd7 {[%emt 0:00:30] [#]} 15. Na4 $146 {[%emt 0:08:30]} ({Predecessor:} 15. Ra1 Nc5 16. Be3 Nd7 17. Rxa8 Qxa8 18. Nd5 Qd8 19. Nxe7+ Qxe7 20. Nh4 Qf6 21. Bxb7 {0-1 (40) Sumachev,D (2164)-Purgin,N (2214) Kirov 2014}) 15... g5 {[%emt 0:09:30]} 16. Bb4 {[%emt 0:04:30]} b6 {[%emt 0:04:30]} 17. Nd2 {[%emt 0:02:30]} Ra7 {[%emt 0:01:30]} 18. Nc3 {[%emt 0:01:30]} Nf6 {[%emt 0:02:30]} 19. Ra1 {[%emt 0:03:30]} Rxa1 {[%emt 0:00:30]} 20. Rxa1 {[%emt 0:00:00]} Qd7 {[%emt 0:04:30]} 21. Ra7 {[%emt 0:03:00]} f4 {[%emt 0:01:30]} 22. Nde4 {[%emt 0:10:30]} Nxe4 {[%emt 0:02:30]} 23. Bxe4 {[%emt 0:02:30]} fxg3 {[%emt 0:04:30]} 24. hxg3 {[%emt 0:00:00]} Nc8 {[%emt 0:03:30]} 25. Rb7 {[%emt 0:04:00]} Ne7 {[%emt 0:05:30]} (25... Bf6 $16 26. Nd5 Bd8) 26. Qa2 {[%emt 0:05:30]} h5 {[%emt 0:00:00] [#]} 27. Qa7 $1 {[%emt 0:03:30]} Nc8 {[%emt 0:00:00]} 28. Qb8 {[%emt 0:01:30]} Qf7 {[%emt 0:02:30]} 29. f3 {[%emt 0:01:30]} h4 {[%emt 0:01:30]} 30. Qxc7 {[%emt 0:01:30]} Qf6 {[%emt 0:01:30]} 31. Nd5 {[%emt 0:01:30]} Bxd5 {[%emt 0:00:30]} 32. Bxd5+ {[%emt 0:00:30]} Kh8 {[%emt 0:00:00] [#]} 33. Be6 $1 {[%emt 0:01:30]} e4 {[%emt 0:02:00]} 34. dxe4 {[%emt 0:06:04]} Qa1+ $18 {[%emt 0:03:30]} 35. Kg2 {[%emt 0:00:37]} Qb2 {[%emt 0:00:30]} 36. Bd2 {[%emt 0:00:00]} 1-0

[Event "8th Ali Ipek Tournament 2020"]
[Site "Ankara"]
[Date "2020.03.08"]
[Round "7.6"]
[White "Ibik, Halit Yavuz"]
[Black "Arici, Abdulvahap"]
[Result "1-0"]
[WhiteElo "1991"]
[BlackElo "1346"]
[Annotator "TA"]
[PlyCount "39"]
[EventDate "2020.03.04"]
[EventType "swiss"]
[EventCountry "TUR"]
[SourceTitle "playchess.com"]
[Source "ChessBase"]
[SourceQuality "1"]

{[%evp 12,39,29,14,56,50,100,51,54,43,83,81,76,88,115,67,67,36,149,141,218,231,283,284,290,246,423,405,412,385]} 1. e4 e6 2. d4 d5 3. Nc3 Nf6 4. Bg5 dxe4 5. Nxe4 Be7 6. Bxf6 Bxf6 7. Nf3 g6 {C13: French: Classical System: 4 Bg5 Be7, Alekhine-Chatard Attack.} (7... O-O {with more complications.} 8. Bc4 Nd7 9. Qe2 Be7 10. O-O c5) 8. Qd2 {[#]} Nc6 $146 {[%cal Rf6d4]} ({Predecessor:} 8... Bg7 9. O-O-O Nd7 10. Qf4 Nf6 11. Bb5+ c6 12. Bc4 Nxe4 13. Qxe4 Qf6 14. Ne5 Bh6+ 15. Kb1 {1-0 (29) Eid,F (2375)-Shamieh,M (2206) Beirut 2007}) 9. Nxf6+ Qxf6 {White is slightly better.} 10. O-O-O O-O 11. h4 Rd8 12. Qe3 Ne7 13. Bc4 a6 14. Ne5 Nd5 ({Black should try} 14... b5 $14 15. Bd3 Bb7) 15. Bxd5 $1 $16 Rxd5 (15... exd5 $16 {is a better defense.} 16. h5 g5) 16. h5 $18 c5 {intending ...cxd4.} 17. hxg6 fxg6 18. Ng4 Qg7 $2 {[#]} (18... Qg5) 19. Qf3 Rf5 20. Nh6+ {Accuracy: White = 71%, Black = 25%.} 1-0

[Event "8th Ali Ipek Tournament 2020"]
[Site "Ankara"]
[Date "2020.03.08"]
[Round "7.7"]
[White "Ersahince, Umut Utku"]
[Black "Caberoglu, Arda"]
[Result "1-0"]
[WhiteElo "1645"]
[BlackElo "1784"]
[Annotator "NA RC"]
[PlyCount "79"]
[EventDate "2020.03.04"]
[EventType "swiss"]
[EventCountry "TUR"]
[SourceTitle "playchess.com"]
[Source "ChessBase"]
[SourceQuality "1"]
[TimeControl "5400+30"]

1. e4 {[%emt 0:00:30]} b6 {[%emt 0:00:30]} 2. d4 {[%emt 0:00:00]} Bb7 {[%emt 0:00:00]} 3. Bd3 {[%emt 0:00:00]} e6 {[%emt 0:00:00]} 4. Nf3 {[%emt 0:01:30]} d5 {[%emt 0:02:30]} 5. Qe2 {[%emt 0:02:30]} Nf6 {[%emt 0:01:30]} 6. e5 {[%emt 0:02:30]} Ne4 {[%emt 0:00:30]} 7. Nbd2 {[%emt 0:03:30]} Nxd2 {[%emt 0:02:30]} 8. Bxd2 {[%emt 0:00:30]} c5 {[%emt 0:00:30]} 9. c3 {[%emt 0:01:30]} Nc6 {[%emt 0:00:00]} 10. O-O {[%emt 0:01:30]} Be7 {[%emt 0:00:00]} 11. g3 {[%emt 0:04:30]} cxd4 {[%emt 0:04:30]} 12. cxd4 {[%emt 0:00:30]} O-O {[%emt 0:00:30]} 13. Bc3 {[%emt 0:10:30]} Bb4 {[%emt 0:05:30]} 14. h4 {[%emt 0:02:30]} h6 {[%emt 0:06:30]} 15. Rae1 {[%emt 0:11:30]} Bxc3 {[%emt 0:04:30]} 16. bxc3 {[%emt 0:00:00]} Ne7 {[%emt 0:00:30]} 17. Bb1 {[%emt 0:05:00]} a5 {[%emt 0:07:30]} 18. Kg2 {[%emt 0:11:30]} Ba6 {[%emt 0:09:30]} 19. Qc2 {[%emt 0:00:30]} g6 {[%emt 0:00:00]} 20. Rh1 {[%emt 0:02:30]} h5 {[%emt 0:01:00]} 21. Ng5 {[%emt 0:08:30]} Nf5 {[%emt 0:01:30]} 22. f3 {[%emt 0:02:30]} Rc8 {[%emt 0:16:30]} 23. g4 {[%emt 0:04:30]} Nxh4+ {[%emt 0:11:30]} 24. Rxh4 {[%emt 0:01:30]} Qxg5 {[%emt 0:00:30]} 25. Rxh5 {[%emt 0:00:00]} Qf4 {[%emt 0:02:30]} 26. Reh1 {[%emt 0:05:38]} f5 {[%emt 0:01:30]} 27. exf6 {[%emt 0:00:46]} Qxf6 {[%emt 0:01:30]} 28. Rh8+ {[%emt 0:00:29]} Qxh8 {[%emt 0:00:30]} 29. Rxh8+ {[%emt 0:00:44]} Kxh8 {[%emt 0:00:30]} 30. Qxg6 {[%emt 0:00:00]} Rc7 {[%emt 0:00:30]} 31. Qh6+ {[%emt 0:03:09]} Kg8 {[%emt 0:00:30]} 32. Qxe6+ {[%emt 0:00:04]} Kh8 {[%emt 0:00:00]} 33. Qxb6 {[%emt 0:01:00]} Bf1+ {[%emt 0:02:52]} 34. Kxf1 {[%emt 0:02:28]} Rxf3+ {[%emt 0:00:03]} 35. Kg2 {[%emt 0:03:08]} Rcxc3 {[%emt 0:00:23]} 36. Qg6 {[%emt 0:03:31]} Rg3+ {[%emt 0:00:45]} 37. Kf2 {[%emt 0:00:14]} Rgf3+ {[%emt 0:00:27]} 38. Ke2 {[%emt 0:00:46]} Rh3 {[%emt 0:00:08]} 39. Qf7 {[%emt 0:00:56]} Rh2+ {[%emt 0:02:16]} 40. Kd1 {[%emt 0:00:05]} 1-0

[Event "8th Ali Ipek Tournament 2020"]
[Site "Ankara"]
[Date "2020.03.08"]
[Round "7.8"]
[White "Alkan, Omer Tarik"]
[Black "Ceylan, Arda (Ali Riza)"]
[Result "1/2-1/2"]
[WhiteElo "1757"]
[BlackElo "1637"]
[Annotator "NA RC"]
[PlyCount "60"]
[EventDate "2020.03.04"]
[EventType "swiss"]
[EventCountry "TUR"]
[SourceTitle "playchess.com"]
[Source "ChessBase"]
[SourceQuality "1"]
[TimeControl "5400+30"]

1. e4 {[%emt 0:00:30]} e6 {[%emt 0:00:30]} 2. d4 {[%emt 0:00:30]} d5 {[%emt 0:00:00]} 3. e5 {[%emt 0:00:00]} c5 {[%emt 0:00:00]} 4. c3 {[%emt 0:00:00]} Nc6 {[%emt 0:00:30]} 5. Nf3 {[%emt 0:00:30]} Qb6 {[%emt 0:00:30]} 6. Bd3 {[%emt 0:00:00]} cxd4 {[%emt 0:00:00]} 7. cxd4 {[%emt 0:00:00]} Bd7 {[%emt 0:00:00]} 8. O-O {[%emt 0:00:00]} Nxd4 {[%emt 0:00:30]} 9. Nbd2 {[%emt 0:00:00]} Nc6 {[%emt 0:00:30]} 10. Nb3 {[%emt 0:00:00]} Nge7 {[%emt 0:00:00]} 11. Be3 {[%emt 0:00:00]} Qc7 {[%emt 0:00:00]} 12. Nc5 {[%emt 0:00:00]} Ng6 {[%emt 0:00:00]} 13. Rc1 {[%emt 0:04:00]} Bxc5 {[%emt 0:00:00]} 14. Bxc5 {[%emt 0:02:30]} Ncxe5 {[%emt 0:00:30]} 15. Nxe5 {[%emt 0:10:30]} Qxe5 {[%emt 0:01:30]} 16. Qb3 {[%emt 0:02:30]} Bc6 {[%emt 0:01:30]} 17. Ba3 {[%emt 0:06:30]} Rc8 {[%emt 0:10:30]} 18. Bb5 {[%emt 0:05:30]} Qc7 {[%emt 0:03:30]} 19. Rc2 {[%emt 0:02:30]} a6 {[%emt 0:03:30]} 20. Bxc6+ {[%emt 0:09:30]} bxc6 {[%emt 0:00:30]} 21. Rfc1 {[%emt 0:00:00]} Ne5 {[%emt 0:02:30]} 22. Qa4 {[%emt 0:00:00]} f6 {[%emt 0:01:30]} 23. f4 {[%emt 0:02:30]} Nc4 {[%emt 0:09:30]} 24. b3 {[%emt 0:00:30]} Qa7+ {[%emt 0:03:30]} 25. Kh1 {[%emt 0:00:30]} Nxa3 {[%emt 0:00:30]} 26. Rxc6 {[%emt 0:01:30]} Rxc6 {[%emt 0:00:30]} 27. Rxc6 {[%emt 0:05:30]} Kf7 {[%emt 0:01:30]} 28. Qxa3 {[%emt 0:00:30]} Qe3 {[%emt 0:04:30]} 29. g3 {[%emt 0:02:30]} Qe1+ {[%emt 0:04:30]} 30. Kg2 {[%emt 0:00:30]} Qe2+ {[%emt 0:00:00]} 1/2-1/2

[Event "8th Ali Ipek Tournament 2020"]
[Site "Ankara"]
[Date "2020.03.08"]
[Round "7.9"]
[White "Genc, Arda"]
[Black "Kayaman, Metin"]
[Result "1-0"]
[WhiteElo "1734"]
[BlackElo "1519"]
[Annotator "NA RC"]
[PlyCount "93"]
[EventDate "2020.03.04"]
[EventType "swiss"]
[EventCountry "TUR"]
[SourceTitle "playchess.com"]
[Source "ChessBase"]
[SourceQuality "1"]
[TimeControl "5400+30"]

1. d4 {[%emt 0:00:30]} d5 {[%emt 0:01:30]} 2. Nf3 {[%emt 0:00:00]} Nf6 {[%emt 0:00:30]} 3. e3 {[%emt 0:00:00]} Bf5 {[%emt 0:02:30]} 4. Bd3 {[%emt 0:01:30]} Bxd3 {[%emt 0:00:30]} 5. Qxd3 {[%emt 0:00:00]} c6 {[%emt 0:00:30]} 6. O-O {[%emt 0:01:00]} Nbd7 {[%emt 0:00:00]} 7. b3 {[%emt 0:00:30]} e6 {[%emt 0:00:00]} 8. Bb2 {[%emt 0:00:30]} Be7 {[%emt 0:01:30]} 9. Nbd2 {[%emt 0:02:30]} O-O {[%emt 0:00:30]} 10. c4 {[%emt 0:01:30]} a5 {[%emt 0:01:30]} 11. Rfd1 {[%emt 0:05:30]} a4 {[%emt 0:01:30]} 12. e4 {[%emt 0:04:30]} dxe4 {[%emt 0:01:30]} 13. Nxe4 {[%emt 0:00:30]} Nxe4 {[%emt 0:00:30]} 14. Qxe4 {[%emt 0:00:30]} Nf6 {[%emt 0:00:00]} 15. Qc2 {[%emt 0:01:30]} axb3 {[%emt 0:00:00]} 16. Qxb3 {[%emt 0:00:30]} Ra6 {[%emt 0:03:30]} 17. a4 {[%emt 0:04:30]} Qb6 {[%emt 0:02:30]} 18. Qxb6 {[%emt 0:18:30]} Rxb6 {[%emt 0:00:00]} 19. Ra2 {[%emt 0:03:30]} Ra8 {[%emt 0:01:00]} 20. Rda1 {[%emt 0:07:30]} Rb4 {[%emt 0:02:30]} 21. Nd2 {[%emt 0:00:30]} Rb6 {[%emt 0:05:30]} 22. Bc3 {[%emt 0:02:30]} Rba6 {[%emt 0:00:30]} 23. a5 {[%emt 0:08:30]} Bd8 {[%emt 0:06:30]} 24. Nb3 {[%emt 0:05:30]} Ne4 {[%emt 0:01:30]} 25. Bb4 {[%emt 0:00:30]} b6 {[%emt 0:01:30]} 26. f3 {[%emt 0:00:30]} Nf6 {[%emt 0:00:30]} 27. Ra3 {[%emt 0:02:30]} bxa5 {[%emt 0:03:30]} 28. Nxa5 {[%emt 0:01:30]} Bxa5 {[%emt 0:00:00]} 29. Rxa5 {[%emt 0:01:30]} Rxa5 {[%emt 0:00:00]} 30. Rxa5 {[%emt 0:00:30]} Rxa5 {[%emt 0:00:30]} 31. Bxa5 {[%emt 0:00:00]} Kf8 {[%emt 0:00:30]} 32. Kf2 {[%emt 0:00:00]} Ke7 {[%emt 0:00:00]} 33. Ke3 {[%emt 0:00:00]} Kd7 {[%emt 0:00:00]} 34. h4 {[%emt 0:01:00]} Ne8 {[%emt 0:01:30]} 35. Bb4 {[%emt 0:01:30]} Nd6 {[%emt 0:00:30]} 36. Bxd6 {[%emt 0:01:30]} Kxd6 {[%emt 0:00:30]} 37. Ke4 {[%emt 0:01:30]} c5 {[%emt 0:02:30]} 38. f4 {[%emt 0:05:01]} f5+ {[%emt 0:00:30]} 39. Kd3 {[%emt 0:00:25]} h5 {[%emt 0:03:30]} 40. g3 {[%emt 0:00:43]} g6 {[%emt 0:00:00]} 41. dxc5+ {[%emt 0:00:21]} Kxc5 {[%emt 0:00:00]} 42. Kc3 {[%emt 0:00:00]} e5 {[%emt 0:03:30]} 43. fxe5 {[%emt 0:00:30]} g5 {[%emt 0:00:00]} 44. hxg5 {[%emt 0:00:30]} f4 {[%emt 0:00:00]} 45. Kd3 {[%emt 0:00:30]} fxg3 {[%emt 0:00:30]} 46. Ke3 {[%emt 0:00:30]} h4 {[%emt 0:00:30]} 47. Kf3 {[%emt 0:00:00]} 1-0

[Event "8th Ali Ipek Tournament 2020"]
[Site "Ankara"]
[Date "2020.03.08"]
[Round "7.10"]
[White "Tastan, Tuna Yasin"]
[Black "Nazli, Sertan"]
[Result "0-1"]
[WhiteElo "1535"]
[BlackElo "1745"]
[Annotator "NA RC"]
[PlyCount "56"]
[EventDate "2020.03.04"]
[EventType "swiss"]
[EventCountry "TUR"]
[SourceTitle "playchess.com"]
[Source "ChessBase"]
[SourceQuality "1"]
[TimeControl "5400+30"]

1. e4 {[%emt 0:00:30]} e5 {[%emt 0:04:30]} 2. Nf3 {[%emt 0:00:30]} Nc6 {[%emt 0:01:30]} 3. Bc4 {[%emt 0:01:30]} Nf6 {[%emt 0:00:30]} 4. d3 {[%emt 0:02:30]} Bc5 {[%emt 0:00:30]} 5. Be3 {[%emt 0:05:30]} Bb6 {[%emt 0:08:30]} 6. Nc3 {[%emt 0:03:30]} d6 {[%emt 0:05:30]} 7. Qd2 {[%emt 0:08:30]} h6 {[%emt 0:00:30]} 8. h3 {[%emt 0:04:30]} Be6 {[%emt 0:00:30]} 9. Bxe6 {[%emt 0:07:30]} fxe6 {[%emt 0:00:30]} 10. Bxb6 {[%emt 0:07:30]} axb6 {[%emt 0:00:30]} 11. d4 {[%emt 0:00:30]} Qe7 {[%emt 0:05:30]} 12. dxe5 {[%emt 0:06:30]} dxe5 {[%emt 0:00:30]} 13. O-O {[%emt 0:04:30]} O-O {[%emt 0:00:30]} 14. Rad1 {[%emt 0:03:30]} Rf7 {[%emt 0:18:30]} 15. a3 {[%emt 0:08:30]} Nh5 {[%emt 0:01:30]} 16. Ne2 {[%emt 0:00:30]} Rxf3 {[%emt 0:13:30]} 17. gxf3 {[%emt 0:01:30]} Nd4 {[%emt 0:00:00]} 18. Nxd4 {[%emt 0:04:30]} exd4 {[%emt 0:11:00]} 19. Kg2 {[%emt 0:12:18]} Rf8 {[%emt 0:02:30]} 20. Rg1 {[%emt 0:04:23]} e5 {[%emt 0:06:31]} 21. Kf1 {[%emt 0:05:12]} Qh4 {[%emt 0:00:17]} 22. Ke1 {[%emt 0:03:06]} Rxf3 {[%emt 0:01:45]} 23. Qe2 {[%emt 0:00:53]} Re3 {[%emt 0:05:52]} 24. Rg4 {[%emt 0:04:02]} Rxe2+ {[%emt 0:00:17]} 25. Kxe2 {[%emt 0:00:00]} Qxh3 {[%emt 0:00:24]} 26. Rdg1 {[%emt 0:00:07]} d3+ {[%emt 0:00:46]} 27. Kd2 {[%emt 0:00:00]} Qf3 {[%emt 0:01:14]} 28. R1g2 {[%emt 0:00:48]} g5 {[%emt 0:01:00]} 0-1

[Event "8th Ali Ipek Tournament 2020"]
[Site "Ankara"]
[Date "2020.03.08"]
[Round "7.11"]
[White "Banci, Dogancan"]
[Black "Pamuk, Yagiz"]
[Result "0-1"]
[WhiteElo "1634"]
[BlackElo "1385"]
[Annotator "NA RC"]
[PlyCount "66"]
[EventDate "2020.03.04"]
[EventType "swiss"]
[EventCountry "TUR"]
[SourceTitle "playchess.com"]
[Source "ChessBase"]
[SourceQuality "1"]
[TimeControl "5400+30"]

1. e4 {[%emt 0:00:30]} c5 {[%emt 0:00:30]} 2. Nc3 {[%emt 0:00:30]} g6 {[%emt 0:00:00]} 3. f4 {[%emt 0:00:00]} Bg7 {[%emt 0:01:00]} 4. Nf3 {[%emt 0:01:00]} Nc6 {[%emt 0:01:30]} 5. a3 {[%emt 0:00:30]} a6 {[%emt 0:08:30]} 6. Bc4 {[%emt 0:01:30]} e6 {[%emt 0:01:30]} 7. d3 {[%emt 0:06:30]} Nge7 {[%emt 0:02:30]} 8. O-O {[%emt 0:12:30]} O-O {[%emt 0:03:30]} 9. Qe1 {[%emt 0:05:30]} d5 {[%emt 0:01:30]} 10. Ba2 {[%emt 0:01:30]} Nd4 {[%emt 0:01:30]} 11. Nxd4 {[%emt 0:05:30]} cxd4 {[%emt 0:02:30]} 12. Ne2 {[%emt 0:00:30]} dxe4 {[%emt 0:01:30]} 13. dxe4 {[%emt 0:00:30]} d3 {[%emt 0:00:30]} 14. cxd3 {[%emt 0:06:30]} Qxd3 {[%emt 0:01:30]} 15. Ng3 {[%emt 0:04:30]} b5 {[%emt 0:04:30]} 16. Rb1 {[%emt 0:07:30]} Bb7 {[%emt 0:05:30]} 17. Be3 {[%emt 0:05:30]} Rfd8 {[%emt 0:04:30]} 18. Rd1 {[%emt 0:10:30]} Qc2 {[%emt 0:00:30]} 19. Rc1 {[%emt 0:10:26]} Qd3 {[%emt 0:03:30]} 20. Rf2 {[%emt 0:04:58]} Qd7 {[%emt 0:05:30]} 21. Rd2 {[%emt 0:04:39]} Qe8 {[%emt 0:00:30]} 22. Rcd1 {[%emt 0:03:10]} Rxd2 {[%emt 0:01:30]} 23. Qxd2 {[%emt 0:00:25]} Nc6 {[%emt 0:00:30]} 24. Qd7 {[%emt 0:02:56]} Rd8 {[%emt 0:00:30]} 25. Qxe8+ {[%emt 0:00:39]} Rxe8 {[%emt 0:00:00]} 26. e5 {[%emt 0:00:17]} Rd8 {[%emt 0:00:00]} 27. Rxd8+ {[%emt 0:00:54]} Nxd8 {[%emt 0:00:30]} 28. Bb6 {[%emt 0:00:24]} Nc6 {[%emt 0:00:30]} 29. Ne4 {[%emt 0:00:43]} Nxe5 {[%emt 0:00:30]} 30. Nd6 {[%emt 0:01:07]} Nd7 {[%emt 0:00:30]} 31. Nxb7 {[%emt 0:01:40]} Nxb6 {[%emt 0:00:00]} 32. b3 {[%emt 0:00:04]} Bb2 {[%emt 0:01:00]} 33. Nc5 {[%emt 0:00:15]} Bd4+ {[%emt 0:00:00]} 0-1